000 00501nam a2200205Ia 4500
003 0100
008 130303s9999 xx 000 0 und d
040 _cARRUPELIB
050 _aBR65.A92P63 1960
100 _aPortalie, Eugene
245 2 _aA guide to the thought of Saint Augustine
260 _aChicago IL
260 _bHenry Regnery Company
260 _C1960
300 _a428p.
300 _b 21cm.
440 _aLibrary of living Catholic thought
650 _aSAINTS
942 0 0 _02
999 _c46597
_d46597